000
00307nam a2200121Ia 4500
008
190216s9999||||xx |||||||||||||| ||und||
100
_a
Kudesia & Jetley
245
0
_a
Environment And Biochemistry
260
_b
Pragathi Prakashan
_c
1991
300
_a
205p
650
_a
Chemistry-Chemistry
942
_c
BK
999
_c
2965
_d
2965